Southville International School and Colleges
Your cart is empty.
  • Cart
  • Lists
    Public lists Eva Luna New books Lux_list list_1
    Your lists Log in to create your own lists
  • Log in to your account
  • Your cookies
  • Search history
Southville International School and Colleges
  • Advanced search
  • Recent comments
  • Most popular
  • Libraries

Log in to your account

Log in with GOOGLE


If you do not have an external account, but do have a local account, you can still log in:

  1. Home
  2. MARC view: The woodland gang and the dinosaur bones /
Normal view MARC view ISBD view

The woodland gang and the dinosaur bones / (Record no. 110875)

[ view plain ]
MARC details
000 -LEADER
fixed length control field 00841nam a2200241 a 4500
001 - CONTROL NUMBER
control field 1540
005 - DATE AND TIME OF LATEST TRANSACTION
control field 20140414131905.0
008 - FIXED-LENGTH DATA ELEMENTS--GENERAL INFORMATION
fixed length control field 010319s19uu xx 00 eng d
020 ## - INTERNATIONAL STANDARD BOOK NUMBER
International Standard Book Number 971-08-5241-8
050 ## - LIBRARY OF CONGRESS CALL NUMBER
Classification number FIC
Item number Sch8 1991
100 ## - MAIN ENTRY--PERSONAL NAME
Personal name Schultz, Irene
245 ## - TITLE STATEMENT
Title The woodland gang and the dinosaur bones /
Statement of responsibility, etc by Irene Schultz.
260 ## - PUBLICATION, DISTRIBUTION, ETC. (IMPRINT)
Place of publication, distribution, etc Kalookan City :
Name of publisher, distributor, etc Addison-Wesley,
Date of publication, distribution, etc 1991.
300 ## - PHYSICAL DESCRIPTION
Extent 127 p. ; cm.
440 ## - SERIES STATEMENT/ADDED ENTRY--TITLE
Title Woodland Gang Series book 12
520 ## - SUMMARY, ETC.
Summary, etc A gang of orphans and their housekeeper help Dr. Justin search an Arizona canyon for fossilized dinosaur remains, despite sabotage and theft caused by greedy miners.
650 ## - SUBJECT ADDED ENTRY--TOPICAL TERM
Topical term or geographic name as entry element Orphans - Fiction.
650 ## - SUBJECT ADDED ENTRY--TOPICAL TERM
Topical term or geographic name as entry element Dinosaurs - Fiction.
650 ## - SUBJECT ADDED ENTRY--TOPICAL TERM
Topical term or geographic name as entry element Paleontology - Fiction.
650 ## - SUBJECT ADDED ENTRY--TOPICAL TERM
Topical term or geographic name as entry element Mystery and detective stories.
Holdings
Withdrawn status Lost status Damaged status Use restrictions Home library Current library Shelving location Date acquired Source of acquisition Total Checkouts Full call number Barcode Date last seen Price effective from Koha item type
        Munich Library Munich Library Fiction Section 12/21/2004     FIC Sch8 1991 M1395 04/14/2014 04/14/2014 Books
        Munich Library Munich Library Fiction Section 12/21/2004     FIC Sch8 1991 M1393 04/14/2014 04/14/2014 Books

The woodland gang and the dinosaur bones /

APA

Schultz I., . (1991). The woodland gang and the dinosaur bones. Kalookan City: Addison-Wesley.

Chicago

Schultz Irene, . 1991. The woodland gang and the dinosaur bones. Kalookan City: Addison-Wesley.

Harvard

Schultz I., . (1991). The woodland gang and the dinosaur bones. Kalookan City: Addison-Wesley.

MLA

Schultz Irene, . The woodland gang and the dinosaur bones. Kalookan City: Addison-Wesley. 1991.

  • Place hold
  • Print
  • Cite
  • Add to your cart (remove)
  • Save record
    BIBTEX Dublin Core MARCXML MARC (non-Unicode/MARC-8) MARC (Unicode/UTF-8) MARC (Unicode/UTF-8, Standard) MODS (XML) RIS
  • More searches
    Search for this title in:
    Other Libraries (WorldCat) Other Databases (Google Scholar) Online Stores (Bookfinder.com) Open Library (openlibrary.org)

Exporting to Dublin Core...

SOUTHVILLE LIBRARY

Southville International School and Colleges Library

1281 Tropical Ave. Cor. Luxembourg St., BF Homes International, Las Pinas City

Tel. No. 8256374 / 252358 Loc. 117/146

Powered by Koha